Village Voices/ (Record no. 207428)

MARC details
000 -LEADER
fixed length control field 00521nam a2200193 4500
005 - DATE AND TIME OF LATEST TRANSACTION
control field 20241205115331.0
010 ## - LCCN (DPL NO)
LC control number ENG-142543
020 ## - INTERNATIONAL STANDARD BOOK NUMBER
Terms of availability 250.00
International Standard Book Number 9789382711209
035 ## - SYSTEM CONTROL NUMBER
System control number EN-126075
037 ## - SOURCE OF ACQUISITION
Source of stock number/acquisition DBAD
082 ## - DEWEY DECIMAL CLASSIFICATION NUMBER
Classification number S
Edition number 1
100 ## - MAIN ENTRY--PERSONAL NAME
Personal name Nadar, Ganesh
245 ## - TITLE STATEMENT
Title Village Voices/
Statement of responsibility, etc by Ganesh Nadar
250 ## - EDITION STATEMENT
Edition statement First
260 ## - PUBLICATION, DISTRIBUTION, ETC. (IMPRINT)
Place of publication, distribution, etc New Delhi
Name of publisher, distributor, etc Vitasta Publishing Pvt Ltd
Date of publication, distribution, etc 2014
270 ## - ADDRESS
Address 2/15, Ansari Road, Daryaganj,
City New Delhi
Postal code 110002
300 ## - PHYSICAL DESCRIPTION
Extent 267p.
Dimensions 20cm(pbk)
942 ## - ADDED ENTRY ELEMENTS (KOHA)
Source of classification or shelving scheme Dewey Decimal Classification
Item type English Books
Classification part S
Call number suffix NAD
Holdings
Withdrawn status Lost status Not for loan Collection code Home library Current library Date acquired Source of acquisition Cost, normal purchase price Full call number Barcode Copy number Cost, replacement price Koha item type
      Fiction Central Library Central Library 05/12/2024 DBAD 250.00 S NAD EN-126075 1 250.00 English Books

© Delhi Public Library
Hit Counter
free hit counter